(Record no. 3121)

MARC details
000 -LEADER
campo de control de longitud fija 00534nam a22001457a 4500
001 - NÚMERO DE CONTROL
campo de control 11820
005 - FECHA Y HORA DE LA ÚLTIMA TRANSACCIÓN
campo de control 20250522045636.0
008 - DATOS DE LONGITUD FIJA--INFORMACIÓN GENERAL
campo de control de longitud fija 5230202015 dr
090 ## - LOCALMENTE ASIGNADO TIPO-LC NÚMERO DE CLASIFICACIÓN (OCLC); NÚMERO DE CLASIFICACIÓN LOCAL (RLIN)
Número de clasificación (OCLC) (R) ; Numero de clasificación, CALL (RLIN) (NR) MER 2015-005
245 ## - MENCIÓN DEL TÍTULO
Título
Mención de responsabilidad, etc. Johanny Estepahny Cuevas Corporán ... [et al] ; Asesor: Eduard Méndez.
260 ## - PUBLICACIÓN, DISTRIBUCIÓN, ETC.
Lugar de publicación, distribución, etc. Barahona, República Dominicana :
300 ## - DESCRIPCIÓN FÍSICA
Extensión 111, [25] h. ; 28 cm.
502 ## - NOTA DE TESIS
Nota de tesis Tesis (Licenciatura en Mercadeo y Licenciatura en Administración de Empresas) --UCATEBA-- Escuela de Negocios, 2015.
504 ## - NOTA DE BIBLIOGRAFÍA, ETC.
Nota de bibliografía, etc. Nota Incluye Bibliografía.
Holdings
Estatus retirado Estado de pérdida Estado de daño No para préstamo Colección Biblioteca de origen Biblioteca actual Fecha de adquisición Total de préstamos Signatura topográfica completa Código de barras Visto por última vez Copia número Precio de reemplazo Tipo de ítem Koha
        Acervo general de Libros Biblioteca Central Mons. Favio M. Rivas S. Biblioteca Central Mons. Favio M. Rivas S. 13/06/2016   MER 2015-005 000000004767 23/05/2025 1 23/05/2025 Tesis